| 000 | 01556nam0a2200289 4500 | ||
|---|---|---|---|
| 001 | RU\NLR\bibl\171451 | ||
| 005 | 20260407064600.0 | ||
| 035 | _a(NLR Aleph) 000168229 | ||
| 090 |
_a968920 _c968920 |
||
| 100 | _a20010719d2001 |||y0rusy50 ca | ||
| 101 | 0 | _arus | |
| 102 | _aRU | ||
| 105 | _ay ||||||||| | ||
| 200 | 1 |
_aЛечебно-реабилитационные мероприятия при рассеянном склерозе в санатории "Сестрорецкий курорт" _e(Метод. рекомендации) _fСев.-Зап. ассоц. рассеян. склероза _g[Никифорова Л.Н. и др.] _gПод ред. проф. В.А. Филиппова, проф. В.И. Головкина |
|
| 210 |
_aСестрорецк _cБ.и. _d2001 |
||
| 215 |
_a27 с. _d21 |
||
| 606 | 0 |
_aМножественный склероз _jМетодические пособия _xКурортное лечение _xСанаторий "Сестрорецкий курорт" _92219674 _3RU\NLR\auth\661332942 |
|
| 686 | _aР627.041.1-549 | ||
| 702 | 1 |
_aНикифорова _bЛ. Н. _4220 |
|
| 702 | 1 |
_aФилиппов _bВ. А. _4340 |
|
| 711 | 0 | 2 |
_a"Сестрорецкий курорт", санаторий _3RU\NLR\AUTH\8810031973 _9562531 |
| 712 | 0 | 2 |
_4570 _aСеверо-Западная ассоциация рассеянного склероза _cСанкт-Петербург _3RU\NLR\AUTH\889922866 _9341677 |
| 801 | 0 |
_aRU _bNLR _c20010719 _gPSBO |
|
| 801 | 1 |
_aRU _bNLR _c20010719 |
|
| 942 | _cBOOK | ||
| 980 | _aNB | ||